000 00684nam a2200193Ia 4500
005 20260429112322.0
008 260429s9999||||xx |||||||||||||| ||und||
020 _a9788178540429
041 _aHindi
082 _a294.59
_bAGN
100 _aअग्निहोत्री, प्रभुदयालु
245 0 _aअथर्ववेद :
_bसौंकिया संहिता /
_cप्रभुदयालु अग्निहोत्री
250 _a1st ed.
260 _aदिल्ली :
_bईस्टर्न बुक लिंकर,
_c2005.
300 _a411 p.; Hb
440 _vभाग-1
650 _aSanskrit Literature
942 _cTB
999 _c53473
_d53473